| 000 | 00000nam##2200000za#4500 |
| 001 | 9.571103 |
| 003 | CaOODSP |
| 005 | 20210624182548 |
| 007 | cr ||||||||||| |
| 008 | 150406|2009||||xxc|||||o f|0| 0 eng|d |
| 040 | |aCaOODSP|beng |
| 043 | |an-cn--- |
| 086 | 1 |aNE22-4/167E-PDF |
| 110 | 1 |aCanada. |bNatural Resources Canada. |
| 245 | 10|aMapping spawning times and locations for ten commercially important fish species found on the Grand Banks of Newfoundland / |h[electronic resource]|cby: L.M.N. Ollerhead, ... [et al.]. |
| 260 | |aOttawa - Ontario : |bNatural Resources Canada |c2004. |
| 300 | |a52p.|bfigs., graphs, maps, tables |
| 490 | 1 |aEnvironmental Studies Research Funds|v167 |
| 546 | |a(Résumé en français.) |
| 590 | |a12-29-Supp|b2012-06-25 |
| 690 | 07|aEnvironmental impact assessment|2gcpds |
| 720 | 1 |aOllerhead, L. M. N. |
| 776 | 0#|tMapping spawning times and locations for ten commercially important fish species found on the Grand Banks of Newfoundland, 2004 / |w(CaOODSP)9.619776 |
| 830 | #0|aEnvironmental Studies Research Funds ;|v167|w(CaOODSP)9.504902 |
| 856 | 40|ahttp://publications.gc.ca|qPDF|s12036 KB|uhttps://publications.gc.ca/collections/collection_2011/rncan-nrcan/NE22-4-167-eng.pdf|y167 |